000 00364cam a2200157ua 4500
041 _aeng
_h
082 _a826
_bGOR/LE
100 _aMaxim, Gorky .
245 _aLetters /
_cMaxim Gorky.
_hTextual Documents
250 _a1 /
_b.
260 _aMoscow :
_bProgress Publishers ,
_c1966.
300 _a199 ; .
504 _a
942 _cBK
999 _c11842
_d11842